NFL Teams by Colours - Statistics

General Stats
  • This quiz has been taken 120 times
  • The average score is 12 of 16
Answer Stats
Answer % Correct
Miami Dolphins
94%
San Francisco 49ers
94%
Seattle Seahawks
90%
Minnesota Vikings
83%
Oakland Raiders
78%
Cleveland Browns
77%
​​​​Green Bay Packers
76%
New York Jets
76%
Cincinnati Bengals
75%
Kansas City Chiefs
74%
New Orleans Saints
73%
Philadelphia Eagles
72%
Buffalo Bills
71%
Carolina Panthers
55%
New York Giants
54%
Atlanta Falcons
53%
No matching quizzes found
Score Distribution
Percent of People with Each Score
Percentile by Number Answered
Your Score History
You have not taken this quiz